[Event "AUTO-INT-3271"]
[Site "http://www.queenalice.com/game.php?id=1520086"]
[Date "2018.3.18"]
[Round "2"]
[White "zmanomega"]
[Black "Null"]
[Result "0-1"]
[WhiteElo "1631"]
[BlackElo "2207"]

1. e4 e5 2. f4 exf4 3. Nf3 d6 4. c3 g5 5. d4 g4 6. Bxf4 gxf3 7. Qxf3 Bh6 8. e5
d5 9. g3 Bxf4 10. Qxf4 Be6 11. Na3 h5 12. O-O-O Nc6 13. h4 Qd7 14. Qg5 Nge7 15.
Qe3 O-O-O 16. Nb5 Nf5 17. Qd3 Rdg8 18. Rg1 Nxh4 19. Na3 Nf5 20. Qf3 h4 21. g4
Ng3 22. Qd3 Bxg4 23. Rd2 Bf5 24. Qe3 Nxf1 25. Rxf1 h3 26. b4 h2 27. Rh1 Rh3 28.
Qe1 Rxc3+ 29. Nc2 Nxb4 30. Rhxh2 Nxa2+ 31. Kd1 Bg4+ 32. Rhe2 Qb5 0-1

[Event "AUTO-INT-3271"]
[Site "http://www.queenalice.com/game.php?id=1520087"]
[Date "2018.3.18"]
[Round "2"]
[White "Null"]
[Black "zmanomega"]
[Result "1-0"]
[WhiteElo "2192"]
[BlackElo "1814"]

1. e4 e5 2. Nf3 d6 3. d4 f6 4. Bc4 Ne7 5. d5 Bg4 6. O-O Ng6 7. h3 Bxf3 8. Qxf3
c6 9. dxc6 Nxc6 10. Be3 a6 11. Nc3 Nb4 12. Bb3 Rc8 13. Qf5 Be7 14. Bb6 Qd7 15.
Bf7+ Kxf7 16. Qxd7 Rce8 17. Qxb7 Nxc2 18. Rac1 Nd4 19. Bxd4 exd4 20. Qd5+ Kf8
21. Ne2 Nh4 22. Nxd4 Bd8 23. Ne6+ Rxe6 24. Qxe6 Ng6 25. Rc8 1-0

[Event "AUTO-INT-3271"]
[Site "http://www.queenalice.com/game.php?id=1520094"]
[Date "2018.3.18"]
[Round "2"]
[White "Null"]
[Black "EdBrazil"]
[Result "1-0"]
[WhiteElo "2208"]
[BlackElo "1585"]

1. e4 e5 2. d3 d6 3. Nc3 c5 4. Nf3 h6 5. Be2 Nc6 6. O-O Be6 7. Nd2 d5 8. exd5
Bxd5 9. Nxd5 Qxd5 10. Bf3 Qe6 11. Bxc6+ Qxc6 12. Nc4 O-O-O 13. Nxe5 Qf6 14. Qg4+
Kb8 15. Nd7+ Rxd7 16. Qxd7 Bd6 17. Qe8+ Kc7 18. Qa8 a6 19. Qe8 Qe5 20. Qxf7+ Kc6
21. g3 Ne7 22. Bf4 Qe2 23. Bxd6 Kxd6 24. Rae1 Qxc2 25. Qxe7+ Kc6 26. Re6+ Kb5
27. Qxb7+ Ka4 28. Rxa6# 1-0

[Event "AUTO-INT-3271"]
[Site "http://www.queenalice.com/game.php?id=1520095"]
[Date "2018.3.18"]
[Round "2"]
[White "EdBrazil"]
[Black "Null"]
[Result "0-1"]
[WhiteElo "1536"]
[BlackElo "2182"]

1. d4 d5 2. e3 e6 3. Bd2 Nf6 4. f3 Bd6 5. h4 Bg3+ 6. Ke2 e5 7. dxe5 Nh5 8. Bc3
c6 9. Kd2 d4 10. exd4 Bf4+ 11. Kd3 Bf5+ 12. Kc4 O-O 13. b4 Qd5# 0-1

[Event "AUTO-INT-3268"]
[Site "http://www.queenalice.com/game.php?id=1528960"]
[Date "2018.5.29"]
[Round "3"]
[White "SunKite"]
[Black "Null"]
[Result "1-0"]
[WhiteElo "1740"]
[BlackElo "2097"]

1. e4 e5 2. Qf3 Nf6 3. g4 d5 4. d3 Bxg4 5. Qg3 Nc6 6. c3 dxe4 7. h3 Be6 8. a3
Qd5 9. Nd2 exd3 10. Rh2 O-O-O 11. c4 Qd4 12. Ngf3 Qb6 13. Nxe5 Nxe5 14. Qxe5 1-0

[Event "AUTO-INT-3268"]
[Site "http://www.queenalice.com/game.php?id=1528961"]
[Date "2018.5.29"]
[Round "3"]
[White "Null"]
[Black "SunKite"]
[Result "0-1"]
[WhiteElo "2121"]
[BlackElo "1710"]

1. e4 e5 2. Nf3 Qf6 3. Nc3 c6 4. d4 h6 5. dxe5 Qe6 6. Bd3 g5 7. O-O a6 8. Na4
Ra7 9. Nb6 Kd8 10. Bc4 Qe7 11. Be3 g4 12. Nd2 Qxe5 13. Bxf7 c5 0-1

[Event "AUTO-ADV-3895"]
[Site "http://www.queenalice.com/game.php?id=1530457"]
[Date "2018.6.9"]
[Round "2"]
[White "MHRangel"]
[Black "Null"]
[Result "0-1"]
[WhiteElo "1928"]
[BlackElo "2209"]

1. d4 d5 2. c4 e6 3. Nf3 Nf6 4. e3 c5 5. cxd5 exd5 6. Be2 Nc6 7. O-O cxd4 8.
Nxd4 Bd6 9. Nc3 O-O 10. Bf3 a6 11. Bxd5 Nxd5 12. Nxc6 bxc6 13. Nxd5 cxd5 14.
Qxd5 Bxh2+ 0-1

[Event "AUTO-ADV-3895"]
[Site "http://www.queenalice.com/game.php?id=1530459"]
[Date "2018.6.9"]
[Round "2"]
[White "JailtonMaster"]
[Black "Null"]
[Result "0-1"]
[WhiteElo "1958"]
[BlackElo "2213"]

1. e4 e5 2. Nf3 Nc6 3. Bb5 Nf6 4. O-O Nxe4 5. Nxe5 Nxe5 6. Re1 a6 7. Ba4 f5 8.
d3 Qh4 9. dxe4 f4 10. g3 Qh3 11. Bxf4 Ng4 12. Qf3 Bc5 13. Be3 Bxe3 14. fxe3
Qxh2+ 15. Kf1 Rf8 0-1

[Event "AUTO-ADV-3895"]
[Site "http://www.queenalice.com/game.php?id=1530460"]
[Date "2018.6.9"]
[Round "2"]
[White "Null"]
[Black "JailtonMaster"]
[Result "0-1"]
[WhiteElo "2175"]
[BlackElo "2002"]

1. d4 d5 2. Nf3 Nf6 3. c3 e6 4. Bf4 Bd6 5. e3 Bxf4 6. exf4 O-O 7. Nbd2 c6 8. Bd3
Nbd7 9. O-O c5 10. Re1 Re8 11. h3 a6 12. b3 b5 13. a3 Bb7 14. Ne5 Rc8 15. b4
cxd4 16. cxd4 Nb6 17. Nb3 Nc4 0-1

[Event "AUTO-MASTER-2667"]
[Site "http://www.queenalice.com/game.php?id=1533032"]
[Date "2018.6.29"]
[Round "2"]
[White "AsterixTwin"]
[Black "Null"]
[Result "1-0"]
[WhiteElo "2537"]
[BlackElo "2158"]

1. e4 e5 2. Nf3 Nf6 3. Nxe5 d6 4. Nf3 Nxe4 5. d4 Be7 6. Bd3 d5 7. O-O Nc6 8. c4
Nf6 9. Nc3 O-O 10. h3 Nb4 11. Be2 dxc4 12. Bxc4 1-0

[Event "AUTO-MASTER-2667"]
[Site "http://www.queenalice.com/game.php?id=1533033"]
[Date "2018.6.29"]
[Round "2"]
[White "Null"]
[Black "AsterixTwin"]
[Result "0-1"]
[WhiteElo "2157"]
[BlackElo "2538"]

1. e4 c5 2. d3 g6 3. Nf3 Bg7 4. Nc3 Nc6 5. Be2 d6 6. O-O Nf6 7. Nd5 O-O 8. c4 e6
9. Nxf6+ Bxf6 10. Rb1 Nd4 11. Nxd4 Bxd4 0-1

[Event "AUTO-MASTER-2667"]
[Site "http://www.queenalice.com/game.php?id=1533036"]
[Date "2018.6.29"]
[Round "2"]
[White "Scharlatan"]
[Black "Null"]
[Result "1-0"]
[WhiteElo "2087"]
[BlackElo "2206"]

1. d4 d5 2. c4 e5 3. dxe5 d4 4. a3 c5 5. Nf3 Nc6 6. g3 Nge7 7. Bg2 Nf5 8. Nbd2
Be7 9. b3 Qd7 10. O-O Qe6 11. Ne4 Nxe5 12. Nxe5 Qxe5 13. Re1 O-O 14. Bb2 Qe6 15.
e3 dxe3 16. Qg4 1-0

[Event "AUTO-MASTER-2667"]
[Site "http://www.queenalice.com/game.php?id=1533037"]
[Date "2018.6.29"]
[Round "2"]
[White "Null"]
[Black "Scharlatan"]
[Result "0-1"]
[WhiteElo "2190"]
[BlackElo "2106"]

1. e4 c5 2. Nf3 d6 3. d3 Nc6 4. Be2 g6 5. c4 Bg7 6. Nc3 e5 7. O-O Nge7 8. a3 O-O
9. b3 Be6 10. Be3 f5 11. Bg5 f4 12. b4 h6 13. Bxe7 Qxe7 14. b5 Nd4 0-1

[Event "AUTO-MASTER-2667"]
[Site "http://www.queenalice.com/game.php?id=1533038"]
[Date "2018.6.29"]
[Round "2"]
[White "ernestodn"]
[Black "Null"]
[Result "1-0"]
[WhiteElo "1869"]
[BlackElo "2008"]

1. e4 e5 2. Nf3 Nc6 3. Bb5 Nf6 4. O-O Nxe4 5. d4 Bd6 6. Re1 f5 7. Bxc6 dxc6 8.
dxe5 Be7 9. Qxd8+ Bxd8 10. Nbd2 Nxd2 11. Bxd2 Be6 12. Bg5 1-0

[Event "AUTO-MASTER-2667"]
[Site "http://www.queenalice.com/game.php?id=1533039"]
[Date "2018.6.29"]
[Round "2"]
[White "Null"]
[Black "ernestodn"]
[Result "0-1"]
[WhiteElo "2031"]
[BlackElo "1846"]

1. e4 c5 2. Nf3 Nc6 3. Nc3 Nf6 4. Bc4 e6 5. d4 cxd4 6. Nxd4 Qc7 7. O-O Nxd4 8.
Qxd4 Be7 9. e5 Nh5 10. Be2 Ng3 0-1